Statistics for Belgian Pro League Teams Quiz

Click here to take the quiz!

General Stats

  • This quiz has been taken 53 times
  • The average score is 11 of 18

Answer Stats

Answer% Correct
RSC Anderlecht
98%
KRC Genk
93%
Club Brugge
88%
KAA Gent
88%
Royal Antwerp FC
81%
Standard Liège
79%
Cercle Brugge
67%
Royal Charleroi Sporting Club
67%
KV Mechelen
55%
KV Oostende
55%
KV Kortrijk
50%
Oud-Heverlee Leuven
50%
KAS Eupen
43%
K Beerschot VA
43%
SV Zulte Waregem
43%
RFC Seraing
33%
V.V. Sint-Truiden
33%
Union Sint-Gillis
31%

Score Distribution

Percentile by Number Answered

Percent of People with Each Score

Your Score History

You have not taken this quiz